A comparative introduction to political science : (Record no. 25489)
[ view plain ]
| 000 -LEADER | |
|---|---|
| fixed length control field | 00814cam a22002415a 4500 |
| 001 - CONTROL NUMBER | |
| control field | 18936943 |
| 005 - DATE AND TIME OF LATEST TRANSACTION | |
| control field | 20171017131243.0 |
| 008 - FIXED-LENGTH DATA ELEMENTS--GENERAL INFORMATION | |
| fixed length control field | 160114t2017 mdua frb 001 0 eng d |
| 020 ## - INTERNATIONAL STANDARD BOOK NUMBER | |
| International Standard Book Number | 9781442252592 |
| 040 ## - CATALOGING SOURCE | |
| Original cataloging agency | DLC |
| Language of cataloging | eng |
| Transcribing agency | DLC |
| Modifying agency | EG-ScBUE |
| 082 04 - DEWEY DECIMAL CLASSIFICATION NUMBER | |
| Edition number | 22 |
| Classification number | 320 |
| Item number | SMI |
| 100 1# - MAIN ENTRY--PERSONAL NAME | |
| Personal name | Smith, Alan G. |
| 245 12 - TITLE STATEMENT | |
| Title | A comparative introduction to political science : |
| Remainder of title | contention and cooperation / |
| Statement of responsibility, etc | Alan G. Smith. |
| 260 ## - PUBLICATION, DISTRIBUTION, ETC. (IMPRINT) | |
| Place of publication, distribution, etc | Lanham : |
| Name of publisher, distributor, etc | Rowman & Littlefield, |
| Date of publication, distribution, etc | c.2017. |
| 300 ## - PHYSICAL DESCRIPTION | |
| Extent | 1 v. (Various pagings) : |
| Other physical details | ill. ; |
| Dimensions | 28 cm. |
| 504 ## - BIBLIOGRAPHY, ETC. NOTE | |
| Bibliography, etc | Includes bibliographical references and index. |
| 650 #7 - SUBJECT ADDED ENTRY--TOPICAL TERM | |
| Topical term or geographic name as entry element | Comparative government. |
| Source of heading or term | BUEsh |
| 9 (RLIN) | 6707 |
| 650 #7 - SUBJECT ADDED ENTRY--TOPICAL TERM | |
| Topical term or geographic name as entry element | Political science |
| Form subdivision | Cross-cultural studies. |
| Source of heading or term | BUEsh |
| 9 (RLIN) | 34352 |
| 651 ## - SUBJECT ADDED ENTRY--GEOGRAPHIC NAME | |
| Source of heading or term | BUEsh |
| 653 ## - INDEX TERM--UNCONTROLLED | |
| Resource For college | BAEPS, Political Science |
| Arrived date list | October2017 |
| 655 ## - INDEX TERM--GENRE/FORM | |
| Form subdivision | Text book |
| -- | 33728 |
| 942 ## - ADDED ENTRY ELEMENTS (KOHA) | |
| Source of classification or shelving scheme | Dewey Decimal Classification |
| Withdrawn status | Item status | Source of classification or shelving scheme | Damaged status | Not for loan | Vendor | Home library | Current library | Shelving location | Date acquired | Source of acquisition | Cost, normal purchase price | Total Checkouts | Full call number | Barcode | Date last seen | Koha item type | Date last borrowed | Total Renewals |
|---|---|---|---|---|---|---|---|---|---|---|---|---|---|---|---|---|---|---|
| Dewey Decimal Classification | Baccah | Central Library | Central Library | First floor | 17/10/2017 | Purchase | 1450.00 | 320 SMI | 000042152 | 15/07/2025 | NB - Book (Non borrowing) | |||||||
| Dewey Decimal Classification | Baccah | Central Library | Central Library | First floor | 17/10/2017 | Purchase | 1450.00 | 320 SMI | 000042153 | 15/07/2025 | NB - Book (Non borrowing) | |||||||
| Dewey Decimal Classification | Baccah | Central Library | Central Library | First floor | 17/10/2017 | Purchase | 1450.00 | 1 | 320 SMI | 000042154 | 15/07/2025 | Book - Borrowing | 12/02/2020 | |||||
| Dewey Decimal Classification | Baccah | Central Library | Central Library | First floor | 17/10/2017 | Purchase | 1450.00 | 1 | 320 SMI | 000042155 | 15/07/2025 | Book - Borrowing | 16/12/2018 | 4 | ||||
| Dewey Decimal Classification | Baccah | Central Library | Central Library | First floor | 17/10/2017 | Purchase | 1450.00 | 1 | 320 SMI | 000042156 | 15/07/2025 | Book - Borrowing | 12/02/2019 | 2 |